Statistics for Tyler Perry Filmography

Click here to take the quiz!

General Stats

  • This quiz has been taken 69 times
    (9 since last reset)
  • The average score is 32 of 254

Answer Stats

TypeYearName% Correct
Film Director2009Madea Goes to Jail
75%
Film Screenplay2009Madea Goes to Jail
75%
Film Production2009Madea Goes to Jail
75%
Film Acting Role2009Madea Goes to Jail
75%
Stage Director2006Madea Goes to Jail
75%
Playwright2006Madea Goes to Jail
75%
Theatrical Production2006Madea Goes to Jail
75%
Theatrical Performance2006Madea Goes to Jail
75%
Film Screenplay2005Diary of a Mad Black Woman
50%
Theatrical Performance2001Diary of a Mad Black Woman
50%
Playwright2001Diary of a Mad Black Woman
50%
Theatrical Production2001Diary of a Mad Black Woman
50%
Film Production2005Diary of a Mad Black Woman
50%
Stage Director2001Diary of a Mad Black Woman
50%
Film Acting Role2005Diary of a Mad Black Woman
50%
Theatrical Performance2010Madea's Big Happy Family
38%
Theatrical Production2010Madea's Big Happy Family
38%
Playwright2010Madea's Big Happy Family
38%
Stage Director2010Madea's Big Happy Family
38%
Film Screenplay2011Tyler Perry's Madea's Big Happy Family
38%
Film Production2011Tyler Perry's Madea's Big Happy Family
38%
Theatrical Performance2011A Madea Christmas
25%
Theatrical Production2011A Madea Christmas
25%
Playwright2011A Madea Christmas
25%
Stage Director2011A Madea Christmas
25%
Playwright1999I Can Do Bad All By Myself
25%
Stage Director1999I Can Do Bad All By Myself
25%
Theatrical Production1999I Can Do Bad All By Myself
25%
Theatrical Performance1999I Can Do Bad All By Myself
25%
Stage Director2012Madea Gets a Job
25%
Playwright2012Madea Gets a Job
25%
Theatrical Production2012Madea Gets a Job
25%
Theatrical Performance2012Madea Gets a Job
25%
Film Production2006Madea's Family Reunion
25%
Film Acting Role2006Madea's Family Reunion
25%
Film Director2006Madea's Family Reunion
25%
Theatrical Performance2002Madea's Family Reunion
25%
Theatrical Production2002Madea's Family Reunion
25%
Playwright2002Madea's Family Reunion
25%
Stage Director2002Madea's Family Reunion
25%
Film Screenplay2006Madea's Family Reunion
25%
Film Director2024Mea Culpa
25%
Film Screenplay2024Mea Culpa
25%
Film Production2024Mea Culpa
25%
Film Production2013Tyler Perry's A Madea Christmas
25%
Film Acting Role2013Tyler Perry's A Madea Christmas
25%
Film Screenplay2013Tyler Perry's A Madea Christmas
25%
Film Director2013Tyler Perry's A Madea Christmas
25%
Film Director2016Tyler Perry's Boo! A Madea Halloween
25%
Film Screenplay2016Tyler Perry's Boo! A Madea Halloween
25%
Film Production2016Tyler Perry's Boo! A Madea Halloween
25%
Film Acting Role2016Tyler Perry's Boo! A Madea Halloween
25%
Film Production2009Tyler Perry's I Can Do Bad All by Myself
25%
Film Acting Role2009Tyler Perry's I Can Do Bad All by Myself
25%
Film Screenplay2009Tyler Perry's I Can Do Bad All by Myself
25%
Film Director2009Tyler Perry's I Can Do Bad All by Myself
25%
Film Director2012Tyler Perry's Madea's Witness Protection
25%
Film Screenplay2012Tyler Perry's Madea's Witness Protection
25%
Film Production2012Tyler Perry's Madea's Witness Protection
25%
Film Acting Role2012Tyler Perry's Madea's Witness Protection
25%
Film Acting Role2008Tyler Perry's The Family That Preys
25%
Film Production2008Tyler Perry's The Family That Preys
25%
Film Screenplay2008Tyler Perry's The Family That Preys
25%
Film Director2008Tyler Perry's The Family That Preys
25%
Film Director2018Acrimony
13%
Film Production2018Acrimony
13%
Film Screenplay2018Acrimony
13%
Film Screenplay2020A Fall from Grace
13%
Film Acting Role2020A Fall from Grace
13%
Film Production2020A Fall from Grace
13%
Film Director2020A Fall from Grace
13%
Film Screenplay2019A Madea Family Funeral
13%
Film Director2019A Madea Family Funeral
13%
Film Production2019A Madea Family Funeral
13%
Film Acting Role2019A Madea Family Funeral
13%
Theatrical Production2011Aunt Bam's Place
13%
Playwright2011Aunt Bam's Place
13%
Stage Director2011Aunt Bam's Place
13%
Film Production2007Daddy's Little Girls
13%
Film Director2007Daddy's Little Girls
13%
Film Screenplay2007Daddy's Little Girls
13%
Film Acting Role2021Don't Look Up
13%
Film Acting Role2014Gone Girl
13%
Theatrical Production2003Madea's Class Reunion
13%
Theatrical Performance2003Madea's Class Reunion
13%
Playwright2003Madea's Class Reunion
13%
Stage Director2003Madea's Class Reunion
13%
Theatrical Production2019Madea's Farewell
13%
Theatrical Performance2019Madea's Farewell
13%
Stage Director2019Madea's Farewell
13%
Playwright2019Madea's Farewell
13%
Stage Director2005Meet the Browns
13%
Film Acting Role2008Meet the Browns
13%
Playwright2005Meet the Browns
13%
Theatrical Production2005Meet the Browns
13%
Film Production2008Meet the Browns
13%
Film Screenplay2008Meet the Browns
13%
Film Director2008Meet the Browns
13%
Television Director2019-PresentSistas
13%
Television Screenplay2019-PresentSistas
13%
Television Production2019-PresentSistas
13%
Film ScreenplayTBASix Triple Eight
13%
Film ProductionTBASix Triple Eight
13%
Film DirectorTBASix Triple Eight
13%
Film Acting Role2009Star Trek
13%
Theatrical Production2012The Haves and the Have Nots
13%
Stage Director2012The Haves and the Have Nots
13%
Playwright2012The Haves and the Have Nots
13%
Television Production2019-PresentThe Oval
13%
Television Screenplay2019-PresentThe Oval
13%
Television Director2019-PresentThe Oval
13%
Film Acting Role2017The Star
13%
Film Director2022Tyler Perry's A Madea Homecoming
13%
Film Acting Role2022Tyler Perry's A Madea Homecoming
13%
Film Screenplay2022Tyler Perry's A Madea Homecoming
13%
Film Acting Role2017Tyler Perry's Boo 2! A Madea Halloween
13%
Film Production2017Tyler Perry's Boo 2! A Madea Halloween
13%
Film Director2017Tyler Perry's Boo 2! A Madea Halloween
13%
Film Screenplay2017Tyler Perry's Boo 2! A Madea Halloween
13%
Television Production2009-2011Tyler Perry's Meet the Browns
13%
Television Director2009-2011Tyler Perry's Meet the Browns
13%
Television Screenplay2009-2011Tyler Perry's Meet the Browns
13%
Television Screenplay2013-PresentTyler Perry's The Haves and the Have Nots
13%
Television Production2013-PresentTyler Perry's The Haves and the Have Nots
13%
Television Director2013-PresentTyler Perry's The Haves and the Have Nots
13%
Film Director2007Tyler Perry's Why Did I Get Married?
13%
Film Screenplay2007Tyler Perry's Why Did I Get Married?
13%
Film Production2007Tyler Perry's Why Did I Get Married?
13%
Film Acting Role2007Tyler Perry's Why Did I Get Married?
13%
Film Screenplay2010Tyler Perry's Why Did I Get Married Too?
13%
Film Production2010Tyler Perry's Why Did I Get Married Too?
13%
Film Acting Role2010Tyler Perry's Why Did I Get Married Too?
13%
Film Director2010Tyler Perry's Why Did I Get Married Too?
13%
Theatrical Production2004Why Did I Get Married?
13%
Playwright2004Why Did I Get Married?
13%
Stage Director2004Why Did I Get Married?
13%
Web Series Screenplay2022Zatima
13%
Web Series Director2022Zatima
13%
Web Series Production2022Zatima
13%
Film Director2022A Jazzman's Blues
0%
Film Screenplay2022A Jazzman's Blues
0%
Film Production2022A Jazzman's Blues
0%
Film Acting Role2012Alex Cross
0%
Web Series Screenplay2021-PresentAll the Queen's Men
0%
Web Series Director2021-PresentAll the Queen's Men
0%
Web Series Production2021-PresentAll the Queen's Men
0%
Web Seres Acting Role2020#BlackAF
0%
Film DirectorTBABlack, White & Blue
0%
Film ScreenplayTBABlack, White & Blue
0%
Film ProductionTBABlack, White & Blue
0%
Film Acting Role2016Brain on Fire
0%
Television Director2020-PresentBruh
0%
Television Screenplay2020-PresentBruh
0%
Television Production2020-PresentBruh
0%
Web Series Production2023Caught Up
0%
Web Series Screenplay2023Caught Up
0%
TV Special2021COVID-19 Vaccine and the Black Community: A Tyler Perry Special
0%
Film DirectorTBADivorce in the Black
0%
Film ScreenplayTBADivorce in the Black
0%
Film ProductionTBADivorce in the Black
0%
Film Production2010For Colored Girls
0%
Film Director2010For Colored Girls
0%
Film Screenplay2010For Colored Girls
0%
Film Director2012Good Deeds
0%
Film Screenplay2012Good Deeds
0%
Film Production2012Good Deeds
0%
Film Acting Role2012Good Deeds
0%
Stage Director2014Hell Hath No Fury Like a Woman Scorned
0%
Theatrical Production2014Hell Hath No Fury Like a Woman Scorned
0%
Playwright2014Hell Hath No Fury Like a Woman Scorned
0%
Film ProductionTBAHelp
0%
Theatrical Production2011I Don't Want to Do Wrong
0%
Playwright2011I Don't Want to Do Wrong
0%
Stage Director2011I Don't Want to Do Wrong
0%
Stage Director1998I Know I've Been Changed
0%
Playwright1998I Know I've Been Changed
0%
Theatrical Performance1998I Know I've Been Changed
0%
Theatrical Production1998I Know I've Been Changed
0%
Playwright2009Laugh to Keep from Crying
0%
Theatrical Production2009Laugh to Keep from Crying
0%
Stage Director2009Laugh to Keep from Crying
0%
Theatrical Performance2015Madea on the Run
0%
Theatrical Production2015Madea on the Run
0%
Playwright2015Madea on the Run
0%
Stage Director2015Madea on the Run
0%
Film Production2020Madea's Farewell Play
0%
Film Screenplay2020Madea's Farewell Play
0%
Film Acting Role2020Madea's Farewell Play
0%
Film Director2020Madea's Farewell Play
0%
Stage Director2014Madea's Neighbors from Hell
0%
Playwright2014Madea's Neighbors from Hell
0%
Theatrical Production2014Madea's Neighbors from Hell
0%
Theatrical Performance2014Madea's Neighbors from Hell
0%
Documentary2023Maxine's Baby: The Tyler Perry Story
0%
Web Series Production2022Never Seen Again
0%
Film Production2018Nobody's Fool
0%
Film Director2018Nobody's Fool
0%
Film Screenplay2018Nobody's Fool
0%
Film Acting Role2021PAW Patrol: The Movie
0%
Film Screenplay2013Peeples
0%
Film Production2013Peeples
0%
Web Series Production2024Perimeter
0%
Film Production2009Precious
0%
Television Director2020-2023Ruthless
0%
Television Screenplay2020-2023Ruthless
0%
Television Production2020-2023Ruthless
0%
Film ProductionTBASister Act 3
0%
Film Acting Role2016Teenage Mutant Ninja Turtles: Out of the Shadows
0%
Theatrical Production2008The Marriage Counselor
0%
Playwright2008The Marriage Counselor
0%
Stage Director2008The Marriage Counselor
0%
Film Acting Role2021Those Who Wish Me Dead
0%
Documentary2021Tyler Perry: Man of Many Faces
0%
Television Production2020-2021Tyler Perry's Assisted Living
0%
Television Screenplay2020-2022Tyler Perry's Assisted Living
0%
Television Director2020Tyler Perry's Assisted Living
0%
Television Production2011-2017Tyler Perry's For Better of Worse
0%
Television Director2011-2017Tyler Perry's For Better or Worse
0%
Television Screenplay2011-2017Tyler Perry's For Better or Worse
0%
Television Screenplay2007-2021Tyler Perry's House of Payne
0%
Television Acting Role2007-2008Tyler Perry's House of Payne
0%
Television Director2007-2021Tyler Perry's House of Payne
0%
Television Production2007-2021Tyler Perry's House of Payne
0%
Television Director2014-2020Tyler Perry's If Loving You Is Wrong
0%
Television Production2014-2020Tyler Perry's If Loving You Is Wrong
0%
Television Screenplay2014-2020Tyler Perry's If Loving You Is Wrong
0%
Television Screenplay2013-2017Tyler Perry's Love Thy Neighbor
0%
Television Acting Role2013-2017Tyler Perry's Love Thy Neighbor
0%
Television Director2013-2017Tyler Perry's Love Thy Neighbor
0%
Television Production2013-2017Tyler Perry's Love Thy Neighbor
0%
Film Director2011Tyler Perry's Madea's Big Happy Family
0%
Film Acting Role2011Tyler Perry's Madea's Big Happy Family
0%
Film Acting Role2015Tyler Perry's Madea's Tough Love
0%
Film Production2015Tyler Perry's Madea's Tough Love
0%
Film Production2013Tyler Perry's Temptation: Confessions of a Marriage Counselor
0%
Film Director2013Tyler Perry's Temptation: Confessions of a Marriage Counselor
0%
Film Screenplay2013Tyler Perry's Temptation: Confessions of a Marriage Counselor
0%
Television Production2018-PresentTyler Perry's The Paynes
0%
Television Screenplay2018-PresentTyler Perry's The Paynes
0%
Television Director2018-PresentTyler Perry's The Paynes
0%
Film Acting Role2014Tyler Perry's The Single Moms Club
0%
Film Production2014Tyler Perry's The Single Moms Club
0%
Film Screenplay2014Tyler Perry's The Single Moms Club
0%
Film Director2014Tyler Perry's The Single Moms Club
0%
Television Production2016Tyler Perry's Too Close to Home
0%
Television Director2016Tyler Perry's Too Close to Home
0%
Television Screenplay2016Tyler Perry's Too Close to Home
0%
Film Acting Role2018Vice
0%
Theatrical Production2007What's Done in the Dark
0%
Playwright2007What's Done in the Dark
0%
Stage Director2007What's Done in the Dark
0%
Television Production2020-PresentYoung Dylan
0%
Television Screenplay2020-PresentYoung Dylan
0%
Television Director2020Young Dylan
0%

Score Distribution

Percentile by Number Answered

Percent of People with Each Score

Your Score History

You have not taken this quiz since the last reset